Statistics for Speed Geography 9

Click here to take the quiz!

General Stats

  • This quiz has been taken 47 times
    (41 since last reset)
  • The average score is 7 of 15

Answer Stats

Hint Answer % Correct
What continent has the most countries in it?Africa
84%
What country is 100% Roman Catholic?Vatican City
78%
What is the largest city in Germany?Berlin
76%
What country's capital is Mogadishu?Somalia
68%
What civilization built the city of Tenochtitlan?Aztec
59%
What country borders the Tyrrhenian Sea and Adriatic Sea?Italy
51%
Name one country is Mt. Elbrus on the border of.Russia/Georgia
46%
Name a country that borders three of the four major oceans.Canada/USA
46%
What is the largest freshwater lake in the world?Lake Superior
38%
What country is an island in the Persian Gulf?Bahrain
27%
What country is Mt. Kosciusko in?Australia
22%
What Canadian province is the largest in area?Nunavut
19%
What US state are the Finger Lakes in?New York
19%
What country produces the most bananas?India
16%
What African country is due east of Madagascar?Mauritius
14%

Score Distribution

Percentile by Number Answered

Percent of People with Each Score

Your Score History

You have not taken this quiz since the last reset